000 00695nam a2200265Ia 4500
001 22927
005 20240114000701.0
007 ta
008 060322s1975 g b000 u 465 u
020 _a9971-51-211-4qq
040 _aCotton College,Assam
041 _a465
082 _a537.6
_bJa 132 Cl
100 _aJackson, John David .
245 0 _aClassical Electrodynamics /
_cJohn David Jackson.
_hTextual Documents
250 _a2nd ed. /
260 _aNew York :
_bJohn Wiley & Sons ,
_cC1975.
300 _aix,848p. ;
_c22cm.
504 _aIndex
653 _aElectrodynamics
653 _aG-Physics
942 _2ddc
_cBK
999 _c22909
_d22909